000
00260nam a2200097Ia 4500
001
653916
005
20250826154507.0
008
250824s9999 xx 000 0 und d
245
0
_a
YUTAYİLER ADASININ GİZEMİ
_c
NAZLI ASPAY SENER
260
_b
GENÇ HAYAT YAYINLARI
999
_c
653916
_d
653916